header

Advances in nanofibre research. (Record no. 199911)

MARC details
000 -LEADER
fixed length control field 01237nam a2200313 a 4500
100 1# - MAIN ENTRY--AUTHOR NAME
Personal name Haghi, Akbar K.
245 10 - TITLE STATEMENT
Title Advances in nanofibre research.
260 ## - PUBLICATION, DISTRIBUTION, ETC. (IMPRINT)
Place of publication Shawbury, England :
Name of publisher Smithers Rapra,
Year of publication 2012.
300 ## - PHYSICAL DESCRIPTION
Number of Pages viii, 120 p. :
Other physical details ill.
490 0# - SERIES STATEMENT
Series statement Advances in nanofibre research ;
650 #0 - SUBJECT ADDED ENTRY--TOPICAL TERM
Topical Term Nanofibers.
700 1# - ADDED ENTRY--PERSONAL NAME
Personal name Zaikov, Gennady.
856 40 - ELECTRONIC LOCATION AND ACCESS
Uniform Resource Identifier http://site.ebrary.com/lib/rucke/Doc?id=10553340

No items available.

© 2026 Rongo University
Contact us: librarian | system librarian | Rongo university